000
00322nam a22001457a 4500
008
210224b ||||| |||| 00| 0 eng d
020
_a
2900205274917
041
_a
eng
080
_a
316
082
_a
316
100
_a
50
101
_a
SOC
245
_a
Controvesial Issus in Corrections
_c
Fields, C
942
_2
udc
_c
BK
999
_c
55125
_d
55125